| 000 | 00391nam a2200169Ia 4500 | ||
|---|---|---|---|
| 008 | 230524s9999 xx 000 0 und d | ||
| 020 | _a9788120352438 | ||
| 082 | _bGOY | ||
| 100 |
_aManish Kumar Goyal _942836 |
||
| 245 | 0 | _aEngineering Hydrology | |
| 250 | _a1 | ||
| 260 |
_aNew Delhi _bPHI |
||
| 300 | _a"XI,335p;" | ||
| 500 | _aQuantity Number: 1 | ||
| 650 | _aCivil | ||
| 942 | _cBK | ||
| 999 |
_c57808 _d57808 |
||